Giovanni y Lusanna / (Record no. 195826)

MARC details
000 -LEADER
campo de control de longitud fija 01478nam a22003975c 4500
001 - NÚMERO DE CONTROL
campo de control 195826
003 - IDENTIFICADOR DE NÚMERO DE CONTROL
campo de control SpMaBN
005 - FECHA Y HORA DE LA ÚLTIMA TRANSACCIÓN
campo de control 20250807080903.0
008 - DATOS DE LONGITUD FIJA--INFORMACIÓN GENERAL
campo de control de longitud fija 240721s2016 sp a 000 0 spa
017 ## - NÚMERO DE COPYRIGHT O DE DEPÓSITO LEGAL
Número de copyright o de depósito legal B 1470-2016
Agencia que asigna Oficina Depósito Legal Barcelona
020 ## - NÚMERO INTERNACIONAL ESTÁNDAR DEL LIBRO
Número Internacional Estándar del Libro 9788416541379
035 ## - NÚMERO DE CONTROL DEL SISTEMA
Número de control de sistema (OCoLC)953013689
035 ## - NÚMERO DE CONTROL DEL SISTEMA
Número de control de sistema a5820244
040 ## - FUENTE DE CATALOGACIÓN
Centro catalogador/agencia de origen SpMaBN
Lengua de catalogación spa
Centro/agencia transcriptor SpMaBN
Normas de descripción rdc
080 ## - NÚMERO DE LA CLASIFICACIÓN DECIMAL UNIVERSAL
Número de la Clasificación Decimal Universal 343.551(450.52 F.)"14"
080 ## - NÚMERO DE LA CLASIFICACIÓN DECIMAL UNIVERSAL
Número de la Clasificación Decimal Universal 392.5(450.52 F.)"14"
100 ## - ENTRADA PRINCIPAL--NOMBRE DE PERSONA
Nombre de persona Brucker, Gene A.
Fechas asociadas al nombre 1924-
Número de control del registro de autoridad o número normalizado XX1015727
9 (RLIN) 237565
245 10 - MENCIÓN DEL TÍTULO
Título Giovanni y Lusanna /
Mención de responsabilidad, etc. Gene Brucker ; [traducción, Fernando Villaverde]
246 0# - FORMA VARIANTE DEL TITULO
Texto de visualización Subtítulo de la cubierta :
Título propio/Titulo breve Amor y matrimonio en la Florencia renacentista
250 ## - MENCION DE EDICION
Mención de edición Primera edición: febrero de 2016
260 ## - PUBLICACIÓN, DISTRIBUCIÓN, ETC.
Lugar de publicación, distribución, etc. Barcelona :
Nombre del editor, distribuidor, etc. Stella Maris,
Fecha de publicación, distribución, etc. 2016.
300 ## - DESCRIPCIÓN FÍSICA
Extensión 109 p. :
Otras características físicas il. ;
Dimensiones 23 cm
336 ## - TIPO DE CONTENIDO
Término de tipo de contenido Texto (visual)
Fuente isbdcontent
337 ## - TIPO DE MEDIO
Nombre/término del tipo de medio sin mediación
Fuente isbdmedia
338 ## - TIPO DE SOPORTE
Fuente rdacarrier
Nombre/término del tipo de soporte volumen
504 ## - NOTA DE BIBLIOGRAFÍA, ETC.
Nota de bibliografía, etc. Bibliografía: p. 97-109
594 ## - Nota al título y mención de responsabilidad
Nota al título y mención de responsabilidad Título original: Giovanni and Lusanna
650 #7 - PUNTO DE ACCESO ADICIONAL DE MATERIA--TÉRMINO DE MATERIA
Término de materia o nombre geográfico como elemento de entrada Adulterio
Subdivisión geográfica Florencia (Italia)
Subdivisión de forma Historia
Fuente del encabezamiento o término embne
9 (RLIN) 237566
650 #0 - PUNTO DE ACCESO ADICIONAL DE MATERIA--TÉRMINO DE MATERIA
Término de materia o nombre geográfico como elemento de entrada Matrimonio-
Subdivisión geográfica Florencia
9 (RLIN) 237567
852 ## - LOCALIZACIÓN
Ubicación Es-MaACL
Sublocalización o colección R.153495
Ubicación en estantería Depósito J
Número de control de estantería N-8839
Donativo/Legado Donación: Editorial
942 ## - ELEMENTOS DE ENTRADA SECUNDARIOS (KOHA)
Fuente del sistema de clasificación o colocación Clasificación decimal universal
Tipo de ítem Koha Libro impreso
Suprimir en OPAC No
954 ## - CATALOGADORES
Estado de la copia Tatiana Alejandra de Castro Pérez
Holdings
Estatus retirado Estado de pérdida Fuente del sistema de clasificación o colocación Estado de daño No para préstamo Biblioteca de origen Biblioteca actual Ubicación en estantería Fecha de adquisición Fuente de adquisición Total de préstamos Signatura topográfica completa Código de barras Visto por última vez Precio de reemplazo Tipo de ítem Koha
    Clasificación decimal universal     Biblioteca del Ateneo de Madrid Biblioteca del Ateneo de Madrid Depósito J 07/03/2025 Donación   N-8839 101229536 07/03/2025 07/03/2025 Libro impreso